Improving the effectiveness of national rural employment guarantee act (Record no. 69801)

000 -LEADER
fixed length control field 01256pab a2200193 454500
008 - FIXED-LENGTH DATA ELEMENTS--GENERAL INFORMATION
fixed length control field 180718b2006 xxu||||| |||| 00| 0 eng d
100 ## - MAIN ENTRY--PERSONAL NAME
Personal name Aiyar, Yamini
245 ## - TITLE STATEMENT
Title Improving the effectiveness of national rural employment guarantee act
260 ## - PUBLICATION, DISTRIBUTION, ETC.
Date of publication, distribution, etc. 2006
300 ## - PHYSICAL DESCRIPTION
Extent p.320-26.
362 ## - DATES OF PUBLICATION AND/OR SEQUENTIAL DESIGNATION
Dates of publication and/or sequential designation 28 Jan
520 ## - SUMMARY, ETC.
Summary, etc. Our earlier wage employment programmes failed due to the common problems of ineffective targeting, leakages and poor quality asset creation, etc. Hence, while developing rules and guidelines for implementation of the National Rural Employment Guarantee Act 2005, more attention should be paid to the lessons we have learnt from past experiences. Because this act has the potential not only to strengthen social security in India, but also to strengthen community mobilisation, ensure better responsiveness of local governments to community needs and priorities, and most of all enhance governance outcomes. This article is an attempt to articulate some key design principles that can strengthen the effectiveness of the new act. - Reproduced.
650 ## - SUBJECT ADDED ENTRY--TOPICAL TERM
Topical term or geographic name entry element Employment, rural - India
650 ## - SUBJECT ADDED ENTRY--TOPICAL TERM
Topical term or geographic name entry element Employment - India
650 ## - SUBJECT ADDED ENTRY--TOPICAL TERM
Topical term or geographic name entry element Employment
700 ## - ADDED ENTRY--PERSONAL NAME
Personal name Samji, Salimah
773 ## - HOST ITEM ENTRY
Main entry heading Economic and Political Weekly
909 ## -
-- 69801
Holdings
Withdrawn status Lost status Damaged status Not for loan Permanent Location Current Location Date acquired Serial Enumeration / chronology Barcode Date last seen Price effective from Koha item type
        Indian Institute of Public Administration Indian Institute of Public Administration 2018-07-19 Volume no: 41, Issue no: 4 AR70257 2018-07-19 2018-07-19 Articles

Powered by Koha